| 000 | 00816cam a22002777a 4500 | ||
|---|---|---|---|
| 999 |
_c329540 _d329540 |
||
| 001 | 12518210 | ||
| 003 | NUST | ||
| 005 | 20170615130035.0 | ||
| 008 | 010607s2001 pk 000 0 urd | ||
| 010 | _a 2001289567 | ||
| 020 | _a9693512065 | ||
| 025 | _aP-U-2001289567; 06; 05 | ||
| 035 | _a(DLC) 200128956 | ||
| 040 |
_aDLC _cDLC _dDLC |
||
| 042 | _alcode | ||
| 050 | 0 | 0 | _aMLCSA 2001/01851 (P) |
| 082 |
_a891.4392 _bAHM |
||
| 100 | 0 |
_aAshfāq Aḥmad, _d1925-2004. _9639 |
|
| 245 | 1 | 0 |
_aGuldān _bTalqīn Shāh / _cAshfāq Aḥmad. |
| 260 |
_aLāhore : _bSang-i Mīl Pablīkeshanz, _c2001. |
||
| 300 |
_a328 p. ; _c22 cm. |
||
| 500 | _aPlay. | ||
| 546 | _aIn Urdu. | ||
| 880 |
_6100-01\(3\r _aاشفاق احمد |
||
| 880 |
_6245-02\(3\r _aگلدان _bتلقین شاہ _cاشفاق احمد |
||
| 880 |
_6260-03\(3\r _aلاہور: _bسنگ میل پبلی کیشنز، _c2007 |
||
| 906 |
_a7 _bcbc _corigode _d3 _encip _f20 _gy-gencatlg |
||
| 942 |
_2ddc _cBK |
||